STEVE JOBS WAY (Record no. 18177)

MARC details
000 -LEADER
fixed length control field 00316nam a2200133Ia 4500
008 - FIXED-LENGTH DATA ELEMENTS--GENERAL INFORMATION
fixed length control field 240624s9999 xx 000 0 und d
041 ## - LANGUAGE CODE
Language code of text/sound track or separate title eng
082 ## - DEWEY DECIMAL CLASSIFICATION NUMBER
Classification number 658.4092 ELL
100 ## - MAIN ENTRY--PERSONAL NAME
Personal name ELLIOT JAY
245 ## - TITLE STATEMENT
Title STEVE JOBS WAY
260 ## - PUBLICATION, DISTRIBUTION, ETC.
Date of publication, distribution, etc. 2011
Place of publication, distribution, etc. Mumbai
Name of publisher, distributor, etc. Jaico Publishing House
300 ## - PHYSICAL DESCRIPTION
Extent 256 : p.
365 ## - TRADE PRICE
Currency code RS
Price amount 25
Holdings
Withdrawn status Lost status Damaged status Not for loan Home library Current library Shelving location Date acquired Source of acquisition Cost, normal purchase price Total Checkouts Full call number Barcode Date due Date last seen Date last checked out Copy number Price effective from Koha item type
        IMTN IMTN Rack 30-B 11/14/2011 WBD 275.00 1 658.4092 ELL 18177 07/23/2025 07/13/2025 07/13/2025 1 06/24/2024 Books
Designed & Maintained by: LRC IMT Nagpur Contact: lrc@imtnag.ac.in© 2024. All Rights Reserved.